| 000 | 00828nam a2200277 i 4500 | ||
|---|---|---|---|
| 001 | bg | ||
| 100 | 1 | _aSzafrański, Maciej. | |
| 245 | 1 | 0 |
_aElementy ekonomiki jakości w przedsiębiorstwach / _cMaciej Szafrański. |
| 260 |
_aPoznań : _bWydawnictwo Politechniki Poznańskiej, _c2007. |
||
| 300 |
_a219 s. : _bil. ; _c24 cm. |
||
| 504 | _aBibliogr. s. 214-219. | ||
| 650 | 9 |
_aJakość produktu _xkoszty |
|
| 650 | 9 | _aNormy ISO 9000 | |
| 650 | 9 |
_aPrzedsiębiorstwo _xekonomika |
|
| 650 | 9 | _aZarządzanie jakością | |
| 655 | _aPodręczniki akademickie | ||
| 015 | _aPB 5293/2008 | ||
| 020 | _a9788371433276 | ||
| 040 | _cBPK | ||
| 041 | _apol | ||
| 044 | _aPOL | ||
| 080 | _a658.14/.17:658.56:005.6:006.3/.8](075.8) | ||
| 920 | _a978-83-7143-327-6 | ||
| 942 | _cKS | ||
| 008 | 080207s2007 pl a f f |000 0 pol | ||
| 999 |
_c55465 _d55465 |
||
| 856 |
_uhttp://koha.tu.koszalin.pl/cgi-bin/koha/opac-detail.pl?biblionumber=55465 _yKatalog online BPK |
||